000
00341nam a2200133Ia 4500
008
231129s2000||||xx |||||||||||||| ||spa||
020
_a
84-8055-360-X
040
_b
spa
082
_a
R 382 D545
245
0
_a
Diccionario de comercio exterior
260
_c
2000
264
_a
Cultural.
942
_2
ddc
_c
BKS
999
_c
9313
_d
9313